Výchovná funkcia pokrokových tradícií

Bibliographic Details
Main Author: Baláž, Ondrej, 1922-2016 (Author)
Format: Article
Language:Slovak
PhysicalDescription:Obr. 1.
Subjects:

MARC

LEADER 00000nab a2200000 a 4500
001 vtls000208120
003 SK-MaSNL
005 20260302203417.0
008 140301c1984 xo 0 slo
015 |a SNBRB19rr/mm-uuuuu 
035 |a CL0218233 
040 |a SNKBUCL  |b slo  |c SNKBUCL  |e AACR2 
041 0 |a slo 
044 |a xo  |c SK 
080 |a 37.035  |2 1981 
100 1 |a Baláž, Ondrej,  |d 1922-2016  |4 aut  |9 196096 
245 1 0 |a Výchovná funkcia pokrokových tradícií  |c Ondrej Baláž 
300 |b Obr. 1. 
650 0 7 |a výchova a vzdelávanie  |2 snkbucl  |9 1684 
655 7 |a články z novín a časopisov  |2 snkbucl  |9 267496 
773 0 |t Učiteľské noviny  |g Roč. 34, č. 46 (1984), s. 3 
850 |a Slovenská národná knižnica v Martine  |a MTA001 
852 |a SNK  |b KIS3GCP 
958 |a RK 
992 |a RBX 
999 |c 1469113  |d 1471043